| 000 | 01076nam a2200265 i 4500 | ||
|---|---|---|---|
| 001 | 51236 | ||
| 003 | ES-MaACL | ||
| 005 | 20250725062532.0 | ||
| 007 | t| | ||
| 008 | 030811m19071911fr |||| | fre d | ||
| 100 | 1 |
_aChappuis, James. _938045 |
|
| 245 | 1 | 0 |
_aLeçons de physique generale / _cpar James Chappuis et Alphonse Berget. |
| 250 | _a2eme ed. | ||
| 260 |
_aParis : _bGauthier-Villars, _c1907-1911. |
||
| 300 |
_a4 v. ; _c25 cm. |
||
| 505 | 8 | _aContiene: T. I: Instruments de mesure, pesanteur, élasticité, statique des liquides et des gaz, chaleur - T. II: Electricite et magnetisme - T. III: Acustique et optique - T. IV: Ondes électriques, radioactivité, electro-optique | |
| 650 | 0 | 7 |
_aFísica _2embne _912877 |
| 700 | 1 |
_aBerget, Alphonse. _927985 |
|
| 740 | 0 | 2 | _aInstruments de mesure, pesanteur, élasticité, statique des liquides et des gaz. |
| 740 | 0 | 2 | _aElectricite et magnetisme. |
| 740 | 0 | 2 | _aAcustique et optique. |
| 740 | 0 | 2 | _aOndes électriques, radioactivité, electro-optique. |
| 852 |
_aES-MaACL _jB-1532-35 |
||
| 999 |
_c51236 _d51236 |
||